Module chính quy Luận văn tốt nghiệp cao học. Ngành Đại số và Lý thuyết số

Nội dung đề tài là trình bày các khái niệm và kết quả cơ bản về vành và môđun; các khái niệm và kết quả cơ bản về môđun chính quy, phát biểu và chứng minh một số tính chất của nó; nghiên cứu tính chất của vành các tự đồng cấu của mo...

Descrición completa

Gardado en:
Detalles Bibliográficos
Autor Principal: Dương, Hùng Mạnh
Formato: Libro
Idioma:Undetermined
Publicado: Cần Thơ Trường Đại học Cần Thơ 2009
Những chủ đề:
Các nhãn: Engadir etiqueta
Sen Etiquetas, Sexa o primeiro en etiquetar este rexistro!
Thư viện lưu trữ: Trung tâm Học liệu Trường Đại học Cần Thơ
LEADER 01144nam a2200217Ia 4500
001 CTU_152045
008 210402s9999 xx 000 0 und d
082 |a 512 
082 |b M107 
088 |a 60460104 
100 |a Dương, Hùng Mạnh 
245 0 |a Module chính quy 
245 0 |b Luận văn tốt nghiệp cao học. Ngành Đại số và Lý thuyết số 
245 0 |c Dương Hùng Mạnh; Nguyễn Viết Đông (cán bộ hướng dẫn) 
260 |a Cần Thơ 
260 |b Trường Đại học Cần Thơ 
260 |c 2009 
520 |a Nội dung đề tài là trình bày các khái niệm và kết quả cơ bản về vành và môđun; các khái niệm và kết quả cơ bản về môđun chính quy, phát biểu và chứng minh một số tính chất của nó; nghiên cứu tính chất của vành các tự đồng cấu của môđun chính quy. 
650 |a Modules (Algebra),Lý thuyết môđun 
904 |i Năm, Ái 
980 |a Trung tâm Học liệu Trường Đại học Cần Thơ